Yugioh Lead Character's Strongest Cards - Statistics

General Stats
  • This quiz has been taken 397 times
  • The average score is 2 of 5
Answer Stats
Character Answer % Correct
Yugi Moto Dark Magician
97%
Yusei Fudo Stardust Dragon
52%
Yuma Tsukumo Utopia
45%
Yuya Sukaki Odd-Eyes Pendulum Dragon
36%
Jaden Yuki Winged Kuriboh LV10
2%
No matching quizzes found
Score Distribution
Percent of People with Each Score
Percentile by Number Answered
Your Score History
You have not taken this quiz